| 000 | 00874nam a22002295a 4500 | ||
|---|---|---|---|
| 003 | OSt | ||
| 005 | 20170311083931.0 | ||
| 008 | 170307n200? xx frb 000 0 ara d | ||
| 040 |
_aEG-ScBUE _bara _cEG-ScBUE |
||
| 043 | _af-ua--- | ||
| 082 | 0 | 4 |
_a342.62066 _bس ن ا _222 |
| 100 | 1 | _aسناري، محمد عبد العال. | |
| 245 | 1 | 2 |
_aمبدأ المشروعية والرقابة على أعمال الإدارة : _bدراسة مقارنة / _cمحمد عبد العال السناري. |
| 260 |
_a[د. م. : _bد. ن.، _c?200] |
||
| 300 |
_a650 ص.؛ _c24 سم. |
||
| 504 | _aيشتمل على إرجاعات ببليوجرافية. | ||
| 650 | 7 |
_aالرقابة الإدارية _xقوانين وتشريعات _zمصر. _2BUEsh |
|
| 650 | 7 |
_aالقضاء الإداري _zمصر. _2BUEsh _941077 |
|
| 651 | _2BUEsh | ||
| 653 |
_bLLAAWW _cMarch2017 |
||
| 942 | _2ddc | ||
| 999 |
_c24342 _d24314 |
||